A Concise history of the people's republic of China (1949-2019) (Record no. 587363)
[ view plain ]
| 000 -LEADER | |
|---|---|
| fixed length control field | 00469nam a22001577a 4500 |
| 003 - CONTROL NUMBER IDENTIFIER | |
| control field | NUST |
| 020 ## - INTERNATIONAL STANDARD BOOK NUMBER | |
| International Standard Book Number | 9787515409764 |
| 038 ## - RECORD CONTENT LICENSOR | |
| Staff Name | Asim ZUbair |
| 082 ## - DEWEY DECIMAL CLASSIFICATION NUMBER | |
| Classification number | 951.083 |
| Author Mark | CON |
| 100 ## - MAIN ENTRY--PERSONAL NAME | |
| Personal name | The Institute of Contemporary China Studies |
| 9 (RLIN) | 86516 |
| 245 ## - TITLE STATEMENT | |
| Title | A Concise history of the people's republic of China (1949-2019) |
| 260 ## - PUBLICATION, DISTRIBUTION, ETC. | |
| Place of publication, distribution, etc. | Beijing |
| Name of publisher, distributor, etc. | Contemporary China Publishing House |
| Date of publication, distribution, etc. | 2019. |
| 300 ## - PHYSICAL DESCRIPTION | |
| Extent | 233p |
| Other physical details | Paperback |
| Dimensions | 24cm. |
| 563 ## - BINDING INFORMATION | |
| Binding note | Paperback |
| 942 ## - ADDED ENTRY ELEMENTS (KOHA) | |
| Source of classification or shelving scheme | |
| Koha item type | Book |
| Withdrawn status | Lost status | Source of classification or shelving scheme | Damaged status | Not for loan | Permanent Location | Current Location | Shelving location | Date acquired | Total Checkouts | Full call number | Barcode | Date last seen | Price effective from | Koha item type |
|---|---|---|---|---|---|---|---|---|---|---|---|---|---|---|
| School of Mechanical & Manufacturing Engineering (SMME) | School of Mechanical & Manufacturing Engineering (SMME) | General Stacks | 12/13/2021 | 951.083 CON | SMME-3667 | 12/13/2021 | 12/13/2021 | Book |
